[Event "Torneio Nacional de Mestres e Honra"]
[Site "Centro de Estagio do Jamor"]
[Date "2019.08.18"]
[Round "8.1"]
[White "Ferreira, Hugo"]
[Black "Fidalgo, Andre"]
[Result "1/2-1/2"]
[BlackElo "2261"]
[WhiteElo "2142"]
[WhiteTeam "Ferroviarios do Barreiro"]
[BlackTeam "Santoantoniense FC"]
[LiveChessVersion "1.4.8"]

1. d4 {[%clk 1:30:58]} Nf6 {[%clk 1:30:52]} 2. Bg5 {[%clk 1:31:09]} c5
{[%clk 1:31:16]} 3. Bxf6 {[%clk 1:29:54]} gxf6 {[%clk 1:31:38]} 4. dxc5
{[%clk 1:30:04]} Na6 {[%clk 1:30:58]} 5. g3 {[%clk 1:27:35]} Nxc5
{[%clk 1:30:51]} 6. Bg2 {[%clk 1:27:19]} d6 {[%clk 1:27:33]} 7. c4
{[%clk 1:21:12]} Bg7 {[%clk 1:26:56]} 8. Nc3 {[%clk 1:21:35]} f5 {[%clk 1:27:18]}
9. Nf3 {[%clk 1:12:15]} Be6 {[%clk 1:16:08]} 10. Nd4 {[%clk 1:12:01]} Bxc4
{[%clk 1:15:11]} 11. Nxf5 {[%clk 1:12:02]} Bf6 {[%clk 1:14:56]} 12. Rc1
{[%clk 1:09:23]} Qb6 {[%clk 1:09:13]} 13. Qd2 {[%clk 1:04:45]} Be6
{[%clk 1:09:34]} 14. Ne3 {[%clk 1:01:59]} Rc8 {[%clk 1:06:56]} 15. O-O
{[%clk 1:02:16]} h5 {[%clk 1:06:27]} 16. h4 {[%clk 1:02:15]} Kf8 {[%clk 1:00:44]}
17. Rc2 {[%clk 0:55:52]} Qb4 {[%clk 0:57:49]} 18. Ncd5 {[%clk 0:52:21]} Qxd2
{[%clk 0:57:02]} 19. Rxd2 {[%clk 0:52:26]} 1/2-1/2

[Event "Torneio Nacional de Mestres e Honra"]
[Site "Centro de Estagio do Jamor"]
[Date "2019.08.18"]
[Round "8.2"]
[White "Eggert, Alberto"]
[Black "Dias, Paulo"]
[Result "0-1"]
[BlackElo "2314"]
[WhiteElo "2103"]
[WhiteTeam "Amadora Xadrez"]
[BlackTeam "A.Xat - Montemor-O-Novo"]
[LiveChessVersion "1.4.8"]

1. e4 {[%clk 1:16:41]} e6 {[%clk 1:30:44]} 2. d4 {[%clk 1:15:17]} d5
{[%clk 1:30:59]} 3. Bd3 {[%clk 1:15:03]} dxe4 {[%clk 1:27:19]} 4. Bxe4
{[%clk 1:15:23]} Nf6 {[%clk 1:27:44]} 5. Bg5 {[%clk 1:11:26]} c5 {[%clk 1:23:41]}
6. Bxf6 {[%clk 1:10:31]} Qxf6 {[%clk 1:17:42]} 7. Nf3 {[%clk 1:06:54]} Nc6
{[%clk 1:12:36]} 8. c3 {[%clk 1:02:36]} cxd4 {[%clk 1:06:50]} 9. Bxc6+
{[%clk 1:01:32]} bxc6 {[%clk 1:07:12]} 10. Qa4 {[%clk 0:59:52]} Bd7
{[%clk 1:04:17]} 11. Qxd4 {[%clk 0:59:47]} Qxd4 {[%clk 1:02:02]} 12. cxd4
{[%clk 0:56:49]} Rb8 {[%clk 0:59:45]} 13. b3 {[%clk 0:57:14]} Bb4+
{[%clk 0:59:46]} 14. Nbd2 {[%clk 0:56:48]} c5 {[%clk 0:54:08]} 15. Rc1
{[%clk 0:55:14]} cxd4 {[%clk 0:51:19]} 16. Nxd4 {[%clk 0:55:14]} Ke7
{[%clk 0:50:22]} 17. Rc7 {[%clk 0:54:11]} Rhc8 {[%clk 0:45:01]} 18. Rxc8
{[%clk 0:43:29]} Rxc8 {[%clk 0:44:52]} 19. Ke2 {[%clk 0:43:02]} e5
{[%clk 0:39:32]} 20. N4f3 {[%clk 0:43:13]} Rc2 {[%clk 0:34:45]} 21. a3
{[%clk 0:37:51]} Bxa3 {[%clk 0:29:51]} 22. Nxe5 {[%clk 0:37:36]} Bb5+
{[%clk 0:28:30]} 23. Nec4 {[%clk 0:26:46]} Bxc4+ {[%clk 0:28:27]} 24. bxc4
{[%clk 0:26:31]} Bb4 {[%clk 0:28:36]} 25. Rd1 {[%clk 0:26:42]} Kd6
{[%clk 0:27:03]} 26. Kd3 {[%clk 0:26:01]} Rxd2+ {[%clk 0:27:23]} 27. Rxd2
{[%clk 0:26:26]} Bxd2 {[%clk 0:27:49]} 28. Kxd2 {[%clk 0:26:53]} Kc5
{[%clk 0:28:12]} 29. Kc3 {[%clk 0:27:17]} f5 {[%clk 0:27:54]} 30. f4
{[%clk 0:26:26]} g6 {[%clk 0:22:52]} 31. g3 {[%clk 0:24:29]} a5 {[%clk 0:22:29]}
32. Kb3 {[%clk 0:24:53]} Kd4 {[%clk 0:21:05]} 33. Ka4 {[%clk 0:24:45]} Kxc4
{[%clk 0:21:29]} 34. Kxa5 {[%clk 0:24:43]} Kd4 {[%clk 0:21:27]} 0-1

[Event "Torneio Nacional de Mestres e Honra"]
[Site "Centro de Estagio do Jamor"]
[Date "2019.08.18"]
[Round "8.3"]
[White "Fernandes, Miguel"]
[Black "Rodrigues, Afonso"]
[Result "1-0"]
[BlackElo "2134"]
[WhiteElo "2108"]
[WhiteTeam "Aa Coimbra"]
[BlackTeam "A.Xat - Montemor-O-Novo"]
[LiveChessVersion "1.4.8"]

1. d4 {[%clk 1:30:57]} d5 {[%clk 1:27:29]} 2. c4 {[%clk 1:31:18]} c6
{[%clk 1:27:35]} 3. Nc3 {[%clk 1:31:40]} Nf6 {[%clk 1:27:53]} 4. Nf3
{[%clk 1:32:03]} a6 {[%clk 1:28:14]} 5. c5 {[%clk 1:32:26]} Bf5 {[%clk 1:27:43]}
6. Qb3 {[%clk 1:32:24]} Ra7 {[%clk 1:27:39]} 7. Nh4 {[%clk 1:28:14]} g6
{[%clk 1:23:40]} 8. Nxf5 {[%clk 1:27:14]} gxf5 {[%clk 1:24:04]} 9. g3
{[%clk 1:17:44]} Bg7 {[%clk 1:21:37]} 10. Qc2 {[%clk 1:16:18]} e6
{[%clk 1:16:43]} 11. Bf4 {[%clk 1:13:25]} O-O {[%clk 1:15:54]} 12. e3
{[%clk 1:10:19]} Nbd7 {[%clk 1:11:04]} 13. Bd3 {[%clk 1:09:50]} Ne4
{[%clk 0:51:18]} 14. f3 {[%clk 1:05:40]} Nxc3 {[%clk 0:46:31]} 15. bxc3
{[%clk 1:06:02]} b6 {[%clk 0:46:56]} 16. cxb6 {[%clk 1:06:15]} Qxb6
{[%clk 0:45:57]} 17. Bd6 {[%clk 1:00:46]} Rc8 {[%clk 0:45:19]} 18. Rb1
{[%clk 0:57:54]} Qd8 {[%clk 0:44:38]} 19. Qe2 {[%clk 0:53:17]} c5
{[%clk 0:38:37]} 20. O-O {[%clk 0:53:25]} c4 {[%clk 0:31:01]} 21. Bc2
{[%clk 0:53:48]} Bf8 {[%clk 0:23:53]} 22. Bxf8 {[%clk 0:53:27]} Kxf8
{[%clk 0:21:37]} 23. e4 {[%clk 0:53:20]} Qf6 {[%clk 0:16:13]} 24. exd5
{[%clk 0:52:29]} exd5 {[%clk 0:16:31]} 25. Rfe1 {[%clk 0:51:45]} Raa8
{[%clk 0:16:41]} 26. Qd2 {[%clk 0:48:43]} Re8 {[%clk 0:15:35]} 27. Qf4
{[%clk 0:48:22]} Nb6 {[%clk 0:12:15]} 28. Re5 {[%clk 0:45:33]} Rxe5
{[%clk 0:11:54]} 29. dxe5 {[%clk 0:45:58]} Qc6 {[%clk 0:07:24]} 30. Qd4
{[%clk 0:43:32]} Nd7 {[%clk 0:06:05]} 31. Bxf5 {[%clk 0:42:40]} Nc5
{[%clk 0:06:32]} 32. Bxh7 {[%clk 0:38:50]} Ne6 {[%clk 0:07:01]} 33. Qe3
{[%clk 0:37:55]} Rd8 {[%clk 0:05:52]} 34. Rb6 {[%clk 0:32:49]} Qc7
{[%clk 0:06:14]} 35. Rxa6 {[%clk 0:28:00]} d4 {[%clk 0:06:37]} 36. cxd4
{[%clk 0:28:02]} c3 {[%clk 0:06:10]} 37. Rd6 {[%clk 0:24:51]} c2 {[%clk 0:04:38]}
38. Rxd8+ {[%clk 0:24:22]} Nxd8 {[%clk 0:05:06]} 39. Qc1 {[%clk 0:24:03]} Qc3
{[%clk 0:04:36]} 40. Qxc2 {[%clk 0:24:15]} Qxd4+ {[%clk 0:05:04]} 41. Kg2
{[%clk 0:24:33]} Qxe5 {[%clk 0:05:28]} 42. Bf5 {[%clk 0:24:14]} Kg7
{[%clk 0:05:03]} 43. a4 {[%clk 0:23:37]} Nb7 {[%clk 0:05:21]} 44. f4
{[%clk 0:22:28]} Qd4 {[%clk 0:05:24]} 45. Qe4 {[%clk 0:21:17]} Qb6
{[%clk 0:04:57]} 46. Qe5+ {[%clk 0:20:05]} Kf8 {[%clk 0:05:12]} 47. Qb5
{[%clk 0:19:03]} Qc7 {[%clk 0:05:25]} 48. Qe5 {[%clk 0:17:49]} Qb6
{[%clk 0:05:44]} 49. Bd7 {[%clk 0:16:16]} Qb4 {[%clk 0:05:39]} 50. Bb5
{[%clk 0:16:11]} Nc5 {[%clk 0:05:55]} 51. Qe2 {[%clk 0:14:57]} Ne4
{[%clk 0:05:29]} 52. a5 {[%clk 0:12:03]} Nc3 {[%clk 0:05:34]} 53. Qe8+
{[%clk 0:12:04]} Kg7 {[%clk 0:06:02]} 54. Qe5+ {[%clk 0:12:11]} f6
{[%clk 0:06:20]} 55. Qc7+ {[%clk 0:12:33]} Kh6 {[%clk 0:06:31]} 56. Bd3
{[%clk 0:12:27]} Ne4 {[%clk 0:05:52]} 57. Kf3 {[%clk 0:10:00]} f5
{[%clk 0:01:54]} 58. Qb6+ {[%clk 0:10:19]} 1-0

[Event "Torneio Nacional de Mestres e Honra"]
[Site "Centro de Estagio do Jamor"]
[Date "2019.08.18"]
[Round "8.4"]
[White "Margarido, Jose"]
[Black "Fidalgo, Daniel"]
[Result "1/2-1/2"]
[BlackElo "2089"]
[WhiteElo "2135"]
[WhiteTeam "Profigaia/ Escola Profiss"]
[BlackTeam "Santoantoniense FC"]
[LiveChessVersion "1.4.8"]

1. d4 {[%clk 1:29:53]} Nf6 {[%clk 1:30:42]} 2. Nf3 {[%clk 1:30:22]} g6
{[%clk 1:30:48]} 3. g3 {[%clk 1:30:23]} Bg7 {[%clk 1:30:37]} 4. Bg2
{[%clk 1:30:51]} c5 {[%clk 1:29:34]} 5. O-O {[%clk 1:30:53]} O-O {[%clk 1:29:40]}
6. c4 {[%clk 1:26:57]} cxd4 {[%clk 1:25:56]} 7. Nxd4 {[%clk 1:27:25]} Nc6
{[%clk 1:26:10]} 8. Nc3 {[%clk 1:27:34]} Nxd4 {[%clk 1:18:01]} 9. Qxd4
{[%clk 1:28:03]} d6 {[%clk 1:18:14]} 10. Qd2 {[%clk 1:20:15]} a6 {[%clk 1:16:48]}
11. b3 {[%clk 1:19:38]} Rb8 {[%clk 1:15:09]} 12. Bb2 {[%clk 1:16:55]} b5
{[%clk 1:14:21]} 13. Nd5 {[%clk 1:10:02]} Nxd5 {[%clk 1:12:45]} 14. Bxg7
{[%clk 1:09:36]} Kxg7 {[%clk 1:13:03]} 15. cxd5 {[%clk 1:09:42]} b4
{[%clk 1:13:06]} 16. Qd4+ {[%clk 1:09:03]} Kg8 {[%clk 1:13:24]} 17. Rfc1
{[%clk 1:07:54]} Bd7 {[%clk 1:10:04]} 18. h4 {[%clk 0:59:29]} h5 {[%clk 1:07:11]}
19. Qa7 {[%clk 0:52:15]} Bb5 {[%clk 1:06:14]} 20. e4 {[%clk 0:50:14]} Rc8
{[%clk 1:01:36]} 21. Qd4 {[%clk 0:38:32]} Qa5 {[%clk 1:01:05]} 22. Qb2
{[%clk 0:31:14]} 1/2-1/2

[Event "Torneio Nacional de Mestres e Honra"]
[Site "Centro de Estagio do Jamor"]
[Date "2019.08.18"]
[Round "8.5"]
[White "Reis, Luis Sousa"]
[Black "Rocha, Sergio"]
[Result "0-1"]
[BlackElo "2353"]
[WhiteElo "2161"]
[WhiteTeam "Axportugal /Atlantidiagonal"]
[BlackTeam "FC Barreirense"]
[LiveChessVersion "1.4.8"]

1. e4 {[%clk 1:30:42]} c5 {[%clk 1:30:53]} 2. Nf3 {[%clk 1:30:13]} Nc6
{[%clk 1:31:15]} 3. Bb5 {[%clk 1:28:18]} g6 {[%clk 1:31:39]} 4. O-O
{[%clk 1:26:15]} Bg7 {[%clk 1:32:04]} 5. Bxc6 {[%clk 1:21:54]} dxc6
{[%clk 1:32:28]} 6. d3 {[%clk 1:22:05]} e5 {[%clk 1:31:45]} 7. Be3
{[%clk 1:19:23]} b6 {[%clk 1:32:07]} 8. h3 {[%clk 1:06:00]} Ne7 {[%clk 1:31:54]}
9. Qd2 {[%clk 0:56:43]} h6 {[%clk 1:30:47]} 10. Na3 {[%clk 0:51:52]} g5
{[%clk 1:27:24]} 11. Nc4 {[%clk 0:49:29]} Ng6 {[%clk 1:27:22]} 12. Qc3
{[%clk 0:48:37]} Qc7 {[%clk 1:20:16]} 13. a4 {[%clk 0:44:58]} a5 {[%clk 1:13:58]}
14. Nfd2 {[%clk 0:41:36]} O-O {[%clk 1:13:32]} 15. Nxb6 {[%clk 0:33:32]} Qxb6
{[%clk 1:13:25]} 16. Bxc5 {[%clk 0:33:46]} Qc7 {[%clk 1:11:27]} 17. Nc4
{[%clk 0:32:54]} Re8 {[%clk 1:07:00]} 18. Bb6 {[%clk 0:31:54]} Qe7
{[%clk 1:00:53]} 19. Bxa5 {[%clk 0:21:20]} Nf4 {[%clk 0:49:49]} 20. Qa3
{[%clk 0:19:14]} Qf6 {[%clk 0:45:56]} 21. f3 {[%clk 0:04:59]} h5 {[%clk 0:38:13]}
22. Rf2 {[%clk 0:03:49]} Bxh3 {[%clk 0:34:52]} 23. gxh3 {[%clk 0:03:57]} Nxh3+
{[%clk 0:35:17]} 24. Kg2 {[%clk 0:01:39]} Nxf2 {[%clk 0:32:27]} 25. Kxf2
{[%clk 0:02:04]} g4 {[%clk 0:32:48]} 26. Rf1 {[%clk 0:01:04]} Re6
{[%clk 0:30:04]} 27. Ke2 {[%clk 0:01:08]} g3 {[%clk 0:30:08]} 28. Bc3
{[%clk 0:00:56]} h4 {[%clk 0:30:15]} 29. Ne3 {[%clk 0:00:55]} h3 {[%clk 0:29:59]}
30. Ng4 {[%clk 0:01:10]} Qh4 {[%clk 0:28:49]} 31. Be1 {[%clk 0:00:46]} Rg6
{[%clk 0:28:57]} 32. Qc5 {[%clk 0:00:50]} Rxg4 {[%clk 0:28:01]} 33. fxg4
{[%clk 0:01:13]} Qxg4+ {[%clk 0:28:25]} 0-1

[Event "Torneio Nacional de Mestres e Honra"]
[Site "Centro de Estagio do Jamor"]
[Date "2019.08.18"]
[Round "8.6"]
[White "Bartolo, Filipe"]
[Black "Morais, Vitor"]
[Result "1/2-1/2"]
[BlackElo "1907"]
[WhiteElo "1705"]
[WhiteTeam "Gx Alekhine"]
[BlackTeam "Clube Edp - Lisboa"]
[LiveChessVersion "1.4.8"]

1. Nf3 {[%clk 1:19:51]} Nf6 {[%clk 1:30:53]} 2. g3 {[%clk 1:20:07]} g6
{[%clk 1:31:12]} 3. Bg2 {[%clk 1:20:31]} Bg7 {[%clk 1:31:31]} 4. O-O
{[%clk 1:20:54]} O-O {[%clk 1:31:55]} 5. d3 {[%clk 1:21:14]} d6 {[%clk 1:32:15]}
6. e4 {[%clk 1:21:40]} c5 {[%clk 1:32:38]} 7. Nbd2 {[%clk 1:21:43]} Nc6
{[%clk 1:33:00]} 8. Re1 {[%clk 1:21:40]} e5 {[%clk 1:33:13]} 9. a4
{[%clk 1:21:47]} a6 {[%clk 1:33:34]} 10. Nc4 {[%clk 1:22:04]} Rb8
{[%clk 1:33:45]} 11. a5 {[%clk 1:19:40]} Be6 {[%clk 1:34:08]} 12. Bd2
{[%clk 1:19:47]} h6 {[%clk 1:34:29]} 13. Bc3 {[%clk 1:14:47]} Kh7
{[%clk 1:34:50]} 14. Nfd2 {[%clk 1:14:44]} Nd4 {[%clk 1:34:33]} 15. Bxd4
{[%clk 1:14:12]} cxd4 {[%clk 1:34:52]} 16. c3 {[%clk 1:13:05]} dxc3
{[%clk 1:35:04]} 17. bxc3 {[%clk 1:13:26]} Ng8 {[%clk 1:34:32]} 18. Rb1
{[%clk 1:13:29]} Ne7 {[%clk 1:34:25]} 19. Rb6 {[%clk 1:07:13]} Nc8
{[%clk 1:34:22]} 20. Rb4 {[%clk 1:06:49]} b5 {[%clk 1:34:33]} 21. axb6
{[%clk 1:06:21]} Nxb6 {[%clk 1:34:54]} 22. Qa1 {[%clk 1:04:05]} Nxc4
{[%clk 1:35:12]} 23. Nxc4 {[%clk 1:04:25]} Bxc4 {[%clk 1:34:16]} 24. Rxc4
{[%clk 1:04:00]} Qb6 {[%clk 1:34:14]} 25. Rb4 {[%clk 1:04:02]} Qc5
{[%clk 1:34:35]} 26. Reb1 {[%clk 0:55:09]} Rxb4 {[%clk 1:32:02]} 27. Rxb4
{[%clk 0:54:49]} f5 {[%clk 1:32:21]} 28. Qb2 {[%clk 0:52:12]} fxe4
{[%clk 1:32:40]} 29. dxe4 {[%clk 0:52:06]} a5 {[%clk 1:31:21]} 30. Rb5
{[%clk 0:52:21]} Rxf2 {[%clk 1:31:10]} 31. Rxc5 {[%clk 0:52:16]} Rxb2
{[%clk 1:31:31]} 32. Rxa5 {[%clk 0:52:24]} Rc2 {[%clk 1:31:08]} 33. Rd5
{[%clk 0:52:45]} Bf8 {[%clk 1:31:23]} 34. Rd3 {[%clk 0:52:46]} Kg7
{[%clk 1:31:47]} 35. Bf1 {[%clk 0:51:26]} Be7 {[%clk 1:31:47]} 36. Rf3
{[%clk 0:51:34]} Bd8 {[%clk 1:31:57]} 37. h3 {[%clk 0:51:02]} h5 {[%clk 1:32:15]}
38. Bg2 {[%clk 0:49:55]} Ba5 {[%clk 1:32:16]} 39. Rd3 {[%clk 0:49:39]} Rxc3
{[%clk 1:31:54]} 40. Rxc3 {[%clk 0:46:30]} Bxc3 {[%clk 1:32:14]} 41. Kf2
{[%clk 0:46:26]} Bd4+ {[%clk 1:32:07]} 42. Kf3 {[%clk 0:46:40]} g5
{[%clk 1:32:06]} 43. g4 {[%clk 0:46:57]} Kg6 {[%clk 1:31:49]} 44. Bf1
{[%clk 0:47:21]} h4 {[%clk 1:31:04]} 45. Bc4 {[%clk 0:47:36]} Kf6
{[%clk 1:31:25]} 46. Bd5 {[%clk 0:47:59]} Ke7 {[%clk 1:31:48]} 47. Ke2
{[%clk 0:48:21]} Kd7 {[%clk 1:32:11]} 48. Ba8 {[%clk 0:48:01]} Kc7
{[%clk 1:32:32]} 49. Bd5 {[%clk 0:48:09]} Kb6 {[%clk 1:32:55]} 50. Ba8
{[%clk 0:48:27]} Kc5 {[%clk 1:33:18]} 51. Bd5 {[%clk 0:48:44]} Kb4
{[%clk 1:33:37]} 52. Ba8 {[%clk 0:49:04]} Kc3 {[%clk 1:33:58]} 53. Bd5
{[%clk 0:49:24]} 1/2-1/2

[Event "Torneio Nacional de Mestres e Honra"]
[Site "Centro de Estagio do Jamor"]
[Date "2019.08.18"]
[Round "8.7"]
[White "Dong, Rafael"]
[Black "Dong, Fabio"]
[Result "1/2-1/2"]
[BlackElo "1433"]
[WhiteElo "1432"]
[WhiteTeam "Cx Sintra"]
[BlackTeam "Cx Sintra"]
[LiveChessVersion "1.4.8"]

1. b3 {[%clk 1:30:59]} Nf6 {[%clk 1:30:52]} 2. Bb2 {[%clk 1:31:24]} g6
{[%clk 1:31:14]} 3. g3 {[%clk 1:31:48]} Bg7 {[%clk 1:31:36]} 4. Bg2
{[%clk 1:32:15]} O-O {[%clk 1:31:48]} 5. Nf3 {[%clk 1:32:40]} d6 {[%clk 1:31:43]}
6. O-O {[%clk 1:32:52]} c5 {[%clk 1:30:43]} 7. c4 {[%clk 1:33:16]} Nc6
{[%clk 1:31:04]} 8. Nc3 {[%clk 1:33:41]} b6 {[%clk 1:30:54]} 9. d3
{[%clk 1:32:57]} Bb7 {[%clk 1:31:12]} 10. Qc2 {[%clk 1:33:13]} Qc7
{[%clk 1:30:49]} 11. Rac1 {[%clk 1:31:12]} Rfd8 {[%clk 1:29:28]} 12. Rfd1
{[%clk 1:31:21]} Rac8 {[%clk 1:28:42]} 13. h3 {[%clk 1:31:43]} h6
{[%clk 1:28:34]} 14. a3 {[%clk 1:32:06]} a6 {[%clk 1:28:24]} 15. e3
{[%clk 1:32:26]} e6 {[%clk 1:27:45]} 16. Kh2 {[%clk 1:31:44]} Kh7
{[%clk 1:26:05]} 17. a4 {[%clk 1:29:51]} Nb4 {[%clk 1:25:51]} 18. Qb1
{[%clk 1:30:12]} a5 {[%clk 1:26:00]} 19. Nb5 {[%clk 1:30:35]} Qe7
{[%clk 1:25:29]} 20. d4 {[%clk 1:30:43]} cxd4 {[%clk 1:24:49]} 21. exd4
{[%clk 1:30:59]} d5 {[%clk 1:25:02]} 22. cxd5 {[%clk 1:31:16]} exd5
{[%clk 1:24:52]} 23. Na7 {[%clk 1:30:59]} Ra8 {[%clk 1:24:33]} 24. Nb5
{[%clk 1:31:22]} Rac8 {[%clk 1:24:56]} 25. Na7 {[%clk 1:31:45]} Ra8
{[%clk 1:25:17]} 26. Nb5 {[%clk 1:32:14]} Rac8 {[%clk 1:25:39]} 27. Na7 1/2-1/2

[Event "Torneio Nacional de Mestres e Honra"]
[Site "Centro de Estagio do Jamor"]
[Date "2019.08.18"]
[Round "8.8"]
[White "Lavrador, Rodolfo"]
[Black "Guia, Artur"]
[Result "0-1"]
[BlackElo "1808"]
[WhiteElo "1840"]
[WhiteTeam "Clube Edp - Lisboa"]
[BlackTeam "Axportugal /Atlantidiagon"]
[LiveChessVersion "1.4.8"]

1. e4 {[%clk 1:30:28]} c5 {[%clk 1:30:53]} 2. d4 {[%clk 1:30:52]} cxd4
{[%clk 1:31:18]} 3. c3 {[%clk 1:31:18]} dxc3 {[%clk 1:31:42]} 4. Nxc3
{[%clk 1:31:40]} Nc6 {[%clk 1:32:05]} 5. Nf3 {[%clk 1:32:05]} d6 {[%clk 1:32:29]}
6. Bc4 {[%clk 1:32:28]} a6 {[%clk 1:32:52]} 7. O-O {[%clk 1:32:42]} Nf6
{[%clk 1:33:19]} 8. Qe2 {[%clk 1:33:04]} Bg4 {[%clk 1:33:37]} 9. Rd1
{[%clk 1:32:27]} e6 {[%clk 1:32:19]} 10. Bf4 {[%clk 1:32:17]} Qc7
{[%clk 1:32:20]} 11. Rac1 {[%clk 1:32:24]} Qb8 {[%clk 1:28:31]} 12. a3
{[%clk 1:31:32]} Be7 {[%clk 1:28:46]} 13. Ba2 {[%clk 1:31:42]} O-O
{[%clk 1:28:14]} 14. h3 {[%clk 1:31:09]} Bxf3 {[%clk 1:28:10]} 15. Qxf3
{[%clk 1:30:55]} Ne5 {[%clk 1:28:32]} 16. Bxe5 {[%clk 1:30:55]} dxe5
{[%clk 1:28:32]} 17. Rd3 {[%clk 1:30:40]} b5 {[%clk 1:28:48]} 18. Rcd1
{[%clk 1:30:40]} Qb7 {[%clk 1:28:48]} 19. Bb1 {[%clk 1:30:40]} Rfd8
{[%clk 1:28:09]} 20. Ne2 {[%clk 1:29:04]} Rxd3 {[%clk 1:28:09]} 21. Rxd3
{[%clk 1:29:04]} Rc8 {[%clk 1:28:09]} 22. Kh2 {[%clk 1:29:04]} h6
{[%clk 1:24:19]} 23. Ng3 {[%clk 1:23:29]} Rc4 {[%clk 1:24:09]} 24. Rc3
{[%clk 1:21:13]} Qc7 {[%clk 1:24:34]} 25. Rxc4 {[%clk 1:21:13]} Qxc4
{[%clk 1:24:34]} 26. b4 {[%clk 1:15:22]} Bd8 {[%clk 1:21:46]} 27. Qd3
{[%clk 1:15:46]} Qxd3 {[%clk 1:22:09]} 28. Bxd3 {[%clk 1:15:39]} Bb6
{[%clk 1:22:30]} 29. f3 {[%clk 1:15:46]} Bd4 {[%clk 1:21:32]} 30. Ne2
{[%clk 1:16:07]} Bb2 31. a4 bxa4 {[%clk 1:21:01]} 32. Bxa6 {[%clk 1:16:26]} a3
{[%clk 1:21:23]} 33. Bc4 {[%clk 1:16:42]} Ne8 {[%clk 1:19:39]} 34. Kg3
{[%clk 1:15:09]} Nd6 {[%clk 1:19:39]} 35. Ba2 {[%clk 1:15:26]} Kf8
{[%clk 1:19:33]} 36. Kf2 {[%clk 1:15:43]} Ke7 {[%clk 1:18:35]} 37. Ke3
{[%clk 1:15:45]} Kd7 {[%clk 1:18:56]} 38. Kd3 {[%clk 1:14:48]} Kc6
{[%clk 1:19:22]} 39. Nc3 {[%clk 1:14:06]} Bxc3 {[%clk 1:18:02]} 40. Kxc3
{[%clk 1:14:22]} Kb5 {[%clk 1:18:25]} 41. Bb3 {[%clk 1:13:02]} g5
{[%clk 1:08:58]} 42. Bc2 {[%clk 1:12:34]} a2 43. Kb2 Kxb4 {[%clk 1:08:34]} 44.
Kxa2 {[%clk 1:12:31]} Kc3 {[%clk 1:06:48]} 45. Ba4 {[%clk 1:07:02]} f5
{[%clk 1:07:01]} 46. Bd7 fxe4 47. fxe4 {[%clk 1:07:25]} Nxe4 {[%clk 1:07:20]} 48.
Bxe6 {[%clk 1:07:47]} Ng3 49. Kb1 {[%clk 1:07:42]} Kd2 {[%clk 1:08:00]} 50. Kb2
{[%clk 1:07:52]} e4 {[%clk 1:08:24]} 51. Kb3 {[%clk 1:07:24]} e3 {[%clk 1:08:50]}
52. Bg4 {[%clk 1:07:33]} e2 {[%clk 1:09:08]} 53. Bxe2 {[%clk 1:07:41]} Kxe2
{[%clk 1:09:35]} 0-1

[Event "Torneio Nacional de Mestres e Honra"]
[Site "Centro de Estagio do Jamor"]
[Date "2019.08.18"]
[Round "8.9"]
[White "Santos, Ruben"]
[Black "Correia, Pedro"]
[Result "1-0"]
[BlackElo "1525"]
[WhiteElo "1722"]
[WhiteTeam "Estrelas S. Joao Brito"]
[BlackTeam "Axportugal /Atlantidiagon"]
[LiveChessVersion "1.4.8"]

1. a3 e5 {[%clk 1:28:43]} 2. e3 {[%clk 1:18:33]} Nc6 {[%clk 1:26:08]} 3. b4
{[%clk 1:15:56]} g6 {[%clk 1:20:35]} 4. Bb2 {[%clk 1:15:43]} Bg7 {[%clk 1:20:13]}
5. Nf3 {[%clk 1:14:05]} a6 {[%clk 1:13:37]} 6. c4 {[%clk 1:13:09]} d6
{[%clk 1:10:26]} 7. Nc3 {[%clk 1:12:56]} Nf6 {[%clk 1:09:14]} 8. Qc2
{[%clk 1:10:55]} O-O {[%clk 1:06:46]} 9. O-O-O {[%clk 1:11:04]} d5
{[%clk 1:00:08]} 10. h4 {[%clk 1:07:08]} Bg4 {[%clk 0:57:02]} 11. Be2
{[%clk 1:04:36]} dxc4 {[%clk 0:39:06]} 12. Bxc4 {[%clk 1:03:53]} Qe7
{[%clk 0:33:06]} 13. Be2 {[%clk 1:03:10]} Rfd8 {[%clk 0:31:08]} 14. Ng5
{[%clk 1:03:20]} Bxe2 {[%clk 0:25:52]} 15. Nxe2 {[%clk 1:03:36]} h6
{[%clk 0:21:47]} 16. Nf3 {[%clk 1:03:33]} Rd6 {[%clk 0:19:04]} 17. Ng3
{[%clk 1:02:16]} e4 {[%clk 0:15:33]} 18. Ne1 {[%clk 1:01:25]} Rad8
{[%clk 0:12:25]} 19. h5 {[%clk 1:01:21]} Qe6 {[%clk 0:09:39]} 20. hxg6
{[%clk 0:59:16]} fxg6 {[%clk 0:07:49]} 21. f3 {[%clk 0:58:49]} Nxb4
{[%clk 0:07:32]} 22. axb4 {[%clk 0:57:55]} Rc6 {[%clk 0:07:11]} 23. Bc3
{[%clk 0:58:16]} Qc4 {[%clk 0:06:20]} 24. Bxf6 {[%clk 0:57:29]} Qxb4
{[%clk 0:05:00]} 25. Bc3 {[%clk 0:57:41]} Qa3+ {[%clk 0:03:21]} 26. Qb2
{[%clk 0:56:26]} Qxb2+ {[%clk 0:01:02]} 27. Kxb2 {[%clk 0:56:30]} Rb6+
{[%clk 0:01:04]} 28. Kc2 {[%clk 0:56:31]} Rc6 {[%clk 0:01:07]} 29. Nxe4
{[%clk 0:56:47]} b5 {[%clk 0:01:14]} 30. Rb1 {[%clk 0:56:01]} Rd5
{[%clk 0:01:15]} 31. Nd3 {[%clk 0:55:19]} a5 {[%clk 0:01:07]} 32. Rhc1
{[%clk 0:54:39]} Rh5 {[%clk 0:00:54]} 33. Kd1 {[%clk 0:54:26]} b4
{[%clk 0:00:53]} 34. Bxg7 {[%clk 0:54:26]} Rxc1+ {[%clk 0:01:10]} 35. Nxc1
{[%clk 0:54:36]} Kxg7 {[%clk 0:01:23]} 36. Kc2 {[%clk 0:54:57]} Rh2
{[%clk 0:01:26]} 37. g3 {[%clk 0:55:17]} g5 {[%clk 0:01:32]} 38. Kb3
{[%clk 0:55:39]} Rh1 {[%clk 0:01:37]} 39. Ka4 {[%clk 0:55:47]} Rg1
{[%clk 0:01:52]} 40. Kxa5 {[%clk 0:55:57]} c5 {[%clk 0:02:07]} 41. Kb5
{[%clk 0:56:10]} h5 {[%clk 0:02:05]} 42. Kxc5 {[%clk 0:56:27]} h4
{[%clk 0:02:20]} 43. gxh4 {[%clk 0:56:42]} gxh4 {[%clk 0:02:38]} 44. Ra1
{[%clk 0:56:54]} h3 {[%clk 0:02:37]} 45. Ra7+ {[%clk 0:56:47]} Kg6
{[%clk 0:02:14]} 46. Ne2 {[%clk 0:56:49]} h2 {[%clk 0:01:21]} 47. Nf4+
{[%clk 0:55:35]} Kh6 {[%clk 0:01:02]} 48. Nf2 {[%clk 0:55:21]} Rc1+
{[%clk 0:00:45]} 49. Kxb4 {[%clk 0:55:38]} Rb1+ {[%clk 0:00:48]} 50. Kc3
{[%clk 0:55:55]} h1=Q {[%clk 0:00:56]} 51. Nxh1 {[%clk 0:56:10]} 1-0